Philosophy of education (Record no. 64123)
[ view plain ]
| 000 -LEADER | |
|---|---|
| fixed length control field | 00505nam a2200205Ia 4500 |
| 003 - CONTROL NUMBER IDENTIFIER | |
| control field | 0100 |
| 008 - FIXED-LENGTH DATA ELEMENTS--GENERAL INFORMATION | |
| fixed length control field | 130303s9999 xx 000 0 und d |
| 020 ## - INTERNATIONAL STANDARD BOOK NUMBER | |
| International Standard Book Number | 0920490840 |
| 040 ## - CATALOGING SOURCE | |
| Transcribing agency | ARRUPELIB |
| 050 ## - LIBRARY OF CONGRESS CALL NUMBER | |
| Classification number | LB1025.2.P55 1988 |
| 300 ## - PHYSICAL DESCRIPTION | |
| Other physical details | 23cm |
| 245 ## - TITLE STATEMENT | |
| Title | Philosophy of education |
| 245 ## - TITLE STATEMENT | |
| Remainder of title | introductory readings |
| 260 ## - PUBLICATION, DISTRIBUTION, ETC. (IMPRINT) | |
| Place of publication, distribution, etc | Alberta |
| 260 ## - PUBLICATION, DISTRIBUTION, ETC. (IMPRINT) | |
| Name of publisher, distributor, etc | Detselig Enterprises |
| 260 ## - PUBLICATION, DISTRIBUTION, ETC. (IMPRINT) | |
| -- | 1988 |
| 300 ## - PHYSICAL DESCRIPTION | |
| Extent | 386p. |
| 700 ## - ADDED ENTRY--PERSONAL NAME | |
| Personal name | Hare, William and Portelli, John Peter (eds.) |
| 942 ## - ADDED ENTRY ELEMENTS (KOHA) | |
| Source of classification or shelving scheme | Library of Congress Classification |
| Koha issues (borrowed), all copies | 12 |
| Withdrawn status | Lost status | Source of classification or shelving scheme | Damaged status | Not for loan | Collection code | Home library | Current library | Shelving location | Date acquired | Total Checkouts | Full call number | Barcode | Date last seen | Date checked out | Copy number | Price effective from | Koha item type |
|---|---|---|---|---|---|---|---|---|---|---|---|---|---|---|---|---|---|
| Library of Congress Classification | Main Collection | ARRUPE LIBRARY | ARRUPE LIBRARY | 05/03/2013 | 19 | LB1025.2.P55 1988 | 46003097900 | 26/09/2018 | 21/09/2018 | 1 | 05/03/2013 | Monograph ( Printed materials) |